00701 a2200205 4500003000500000005001700005020001700022040000900039082001200048100002500060245003700085250000800122260003800130300000900168650004300177942001300220999001900233952012100252952012200373Nust20230221162354.0 a81-242-009-9 cNust a603,GRA aE. C. Graham9100465 aEncyclopedia of scientific terms av-1 aNew DelhibCrest publishingc1997 a290p aEncyclopedian scientific terms9100466 cREF2ddc c184399d184399 00102ddc4070aMCSbMCScGENd2016-12-12o603,GRApMCS27748r2016-12-08w2016-12-12yBKzAlmirah No.26, Shelf No.1 00102ddc4070aMCSbMCScREFd2016-12-12o603,GRApMCS27749r2016-12-08w2016-12-12yREFzAlmirah No.71, Shelf No.1